Sistema de transportación turística (Registro nro. 4606)
[ vista simple ]
| 000 -CABECERA | |
|---|---|
| campo de control de longitud fija | 00673aam a2200229 4500 |
| 005 - FECHA Y HORA DE ACTUALIZACIÓN | |
| campo de control | 20170220165628.0 |
| 008 - LONGITUD FIJA | |
| campo de control de longitud fija | 150414b xxu||||| |||| 00| 0 spa d |
| 041 ## - IDIOMA | |
| Código de idioma del texto/pista de sonido o título separado | |
| 082 ## - CLASIFICACIÓN DECIMAL DEWEY | |
| Número de clasificación | 1.11.6 T689s2 |
| 100 ## - AUTOR PERSONAL | |
| Nombre de persona | De la Torre, Francisco |
| 245 ## - TÍTULO PROPIAMENTE DICHO | |
| Título | Sistema de transportación turística |
| 250 ## - EDICIÓN | |
| Mención de edición | 2 edición |
| 260 ## - PIE DE IMPRENTA | |
| Lugar de publicación, distribución, etc. | México |
| Nombre del editor, distribuidor, etc. | Trillas |
| Fecha de publicación, distribución, etc. | 2006 |
| 300 ## - DESCRIPCIÓN FÍSICA | |
| Extensión | 231 páginas |
| 650 ## - Materia General | |
| Materia general | TRANSPORTE TURÍSTICO |
| 650 ## - Materia General | |
| Materia general | TRANSPORTE TERRESTRE |
| 650 ## - Materia General | |
| Materia general | INFRAESTRUCTURA TURÍSTICA |
| 650 ## - Materia General | |
| Materia general | TRANSPORTE AÉREO |
| 650 ## - Materia General | |
| Materia general | TRANSPORTE DE FERROCARRIL |
| 650 ## - Materia General | |
| Materia general | TRANSPORTE ACUÁTICO |
| 942 ## - Punto de Acceso Adicional Koha | |
| Tipo de ítem Koha | Libro |
| Estado perdido | Estado dañado | No para préstamo | Biblioteca permanente | Biblioteca actual | Signatura completa | Código de barras | Precio efectivo a partir del | Tipo de ítem |
|---|---|---|---|---|---|---|---|---|
| Departamento de Biblioteca y Documentación Alfonso Chase Brenes | Departamento de Biblioteca y Documentación Alfonso Chase Brenes | 1.11.6 T689s2 | 13584 | 09/01/2017 | Libro | |||
| Departamento de Biblioteca y Documentación Alfonso Chase Brenes | Departamento de Biblioteca y Documentación Alfonso Chase Brenes | 1.11.6 T689s2 | 14581 | 24/05/2022 | Libro |